African Capital Match-Up Quiz Stats

 Plays Quiz Updated Jul 2, 2018

Challenge
Share
Tweet
Score 0/54 Timer 08:00
25 Plays Today
% Correct
Algeria
95.5%
Egypt
94.8%
Djibouti
91.1%
Tunisia
90.1%
Kenya
90%
South Africa
89.2%
Libya
87%
Ethiopia
86.5%
São Tomé and Príncipe
85.6%
Guinea-Bissau
84%
Morocco
80.7%
Somalia
78.3%
Sudan
75.1%
Ghana
73.6%
Senegal
71.3%
Madagascar
70%
Namibia
69.6%
Dem. Rep. of the Congo
69%
Nigeria
67.6%
Zimbabwe
67%
Sierra Leone
66.9%
Liberia
66.9%
Burkina Faso
66.4%
Rep. of the Congo
65%
Uganda
64.4%
Angola
63.2%
South Sudan
61.8%
% Correct
Rwanda
59.3%
Seychelles
58.3%
Chad
56.7%
Cameroon
56.6%
Togo
54.9%
Botswana
54.6%
Eritrea
54.5%
Côte d'Ivoire
54%
Mauritius
53.7%
Niger
53.3%
Burundi
53.2%
Cabo Verde
52.8%
Guinea
52.6%
Malawi
52.6%
Mozambique
51.4%
Tanzania
51.3%
Mali
50.8%
Benin
50.3%
Zambia
48.3%
Mauritania
47.8%
Central African Rep.
46.5%
Gabon
46.2%
Comoros
46%
eSwatini
44.6%
The Gambia
42%
Lesotho
41.2%
Equatorial Guinea
34.3%

You're not logged in!

Compare scores with friends on all Sporcle quizzes.
OR
Log In

You Might Also Like...

Show Comments

Extras

Top Quizzes Today


Score Distribution

Your Account Isn't Verified!

In order to create a playlist on Sporcle, you need to verify the email address you used during registration. Go to your Sporcle Settings to finish the process.

Report this User

Report this user for behavior that violates our Community Guidelines.

Details: